Essai sur les gouvernements de l'Égypte /

محفوظ في:

المؤلف الرئيسي: Dubois-Richard, Paul, 1879- (مؤلف)

التنسيق: كتاب

اللغة: French

منشور في: Le Caire : Imprimerie de l'Institut français d'archéologie orientale, 1941.

سلاسل: Mémoires présentés à l'Institut d'Égypte ; 46.
Memoires de l'Institut d'Egypte ; 46.
MIE ; 46.

الموضوعات:

الوسوم: إضافة وسم

لا توجد وسوم, كن أول من يضع وسما على هذه التسجيلة!

رقم الطلب: DT43 .I625 v.46

LEADER 00957namaa2200289 4500
001 18879
003 OSt
005 20260317100250.0
008 130303s1941 ua 000 0 fre d
010 |a 42017171 
040 |c ARCE Library 
043 |a f-ua--- 
050 4 |a DT43 .I625 v.46 
100 1 |a Dubois-Richard, Paul,  |d 1879-  |e author 
245 1 0 |a Essai sur les gouvernements de l'Égypte /  |c par Dubois-Richard. 
264 1 |a Le Caire :   |b Imprimerie de l'Institut français d'archéologie orientale,   |c 1941. 
300 |a x, 196 pages ;   |c 27 cm. 
490 1 |a Mémoires présentés à l'Institut d'Égypte ;   |v 46. 
490 1 |a Memoires de l'Institut d'Egypte ;   |v 46. 
490 1 |a MIE ;   |v 46. 
651 0 |a Egypt  |x Politics and government. 
830 0 |a Mémoires présentés à l'Institut d'Égypte ;   |v 46. 
830 0 |a Memoires de l'Institut d'Egypte ;   |v 46. 
830 0 |a MIE ;   |v 46. 
901 |a reviewed 
942 |c BK  |2 lcc 
999 |c 15945  |d 15945